MARC

LEADER 00000nam0a2200000 4500
001 317999
005 20231102003031.0
035 |a (RuTPU)RU\TPU\book\343480 
090 |a 317999 
100 |a 20160419d1959 km y0rusy50 ca 
101 0 |a rus 
102 |a RU 
105 |a a z 001zy 
200 1 |a Применение органических оснований в аналитической химии  |f Э. А. Остроумов  |g Академия наук СССР, Институт океанологии им. П. П. Ширшова 
210 |a Москва  |c Изд-во АН СССР  |d 1959 
215 |a 127 с.  |c ил. 
320 |a Библиогр.: с. 125-126 
606 1 |a Химические реактивы, органические  |2 stltpush  |3 (RuTPU)RU\TPU\subj\73372  |9 86404 
610 1 |a неорганические соединения 
610 1 |a химический анализ 
610 1 |a определение 
610 1 |a металлы 
610 1 |a пиридиновые основания 
610 1 |a осаждение 
610 1 |a пиридин 
610 1 |a сероводород 
610 1 |a разделение 
675 |a 543.412.3  |v 4 
700 1 |a Остроумов  |b Э. А. 
712 0 2 |a Академия наук СССР  |b Институт океанологии им. П. П. Ширшова  |c (Москва)  |2 stltpush  |3 (RuTPU)RU\TPU\col\6016  |9 24200 
801 1 |a RU  |b 63413507  |c 20160419 
801 2 |a RU  |b 63413507  |c 20200908  |g RCR 
942 |c BK